| 000 | 00432pab a2200169 454500 | ||
|---|---|---|---|
| 008 | 180718b2000 xxu||||| |||| 00| 0 eng d | ||
| 100 | _aGupta, Anirudha | ||
| 245 | _aIndia: democracy and dissent | ||
| 260 | _c2000 | ||
| 300 | _ap.181-88 | ||
| 362 | _aJan | ||
| 650 | _aDemocracy - India | ||
| 650 | _aIndia - Politics and government | ||
| 650 | _aPolitics and government | ||
| 773 | _aParliamentary Affairs | ||
| 909 | _a44443 | ||
| 999 |
_c44443 _d44443 |
||